| 000 | 00403cam a2200157ua 4500 | ||
|---|---|---|---|
| 041 |
_aeng _h |
||
| 082 |
_a515.35 _bFOR/TR |
||
| 100 | _aForsyth, A R . | ||
| 245 |
_aTreatise on differential equations / _cA R Forsyth. _hTextual Documents |
||
| 250 |
_a1 / _b. |
||
| 260 |
_aLondon : _bMacMillan and Company Limited , _c1961. |
||
| 300 | _a583 ; . | ||
| 504 | _a | ||
| 942 | _cBK | ||
| 999 |
_c5386 _d5386 |
||